00781nas a2200253 4500001001300000003000900013005001700022007000300039008003400042040005400076041000900130072000800139100001800147100001900165100002100184100001900205100001900224245006500243246006500308650001100373650002000384650001300404773011000417BR2012009496BR-BrBNA20231205121630.0ta230509b bl.|||p| |||| 00| 00por d aBR-BrBNAbporcBiblioteca Nacional de Agricultura a(En) aL741 aPeixoto, P.V.1 aNogueira, V.A.1 aGonzález, A.P.1 aTokarnia, C.H.1 aFrança, T.N.1 aAccidental and experimental salinomycin poisoning in rabbits1 aAccidental and experimental salinomycin poisoning in rabbits aCOELHO aINTOXICAÇÃO aMIOPATIA0 tPesquisa Veterinária Brasileira (Brazil)xISSN 0100-736Xg(Sep 2009), v. 29(9) p. 695-699wBR2012009496